Collected papers

Saved in:
Bibliographic Details
Main Author: Rawls, John (Author)
Format: Book
Language:English
Published: Cambridge Harvard University 1999
Edition:1a. ed
Subjects:
Tags: Add Tag
No Tags, Be the first to tag this record!

MARC

LEADER 00000nam a2200000 a 4500
001 UCG3078
003 CL-VaPUC
008 100812e19990000US |||||||||||||||||eng|d
020 |a 0674005694 
082 0 4 |a 340.1  |b RAW  |2 21 
100 0 |a Rawls, John  |e author  |9 256003 
245 1 0 |a Collected papers 
250 |a 1a. ed 
300 |a 656 p 
942 |c BK 
945 |d 20100812 00:00:00  |a cmena 
260 |a Cambridge  |b Harvard University  |c 1999 
600 0 7 |a FREEMAN, SAMUEL RICHARD  |2 CL-VaPUC  |9 551903 
650 0 |a Filosofía del derecho   |9 255050 
650 7 |a FILOSOFIA POLITICA  |2 CL-VaPUC  |9 551904 
650 0 |a Justicia   |9 255408 
650 0 |a Derechos humanos  |9 223025 
650 0 |a Ética  |9 255099 
650 0 |a Conceptos morales   |9 310606 
583 |a last modification  |c 20100812 00:00:00  |k Rodrigo Vera 
999 |c 342176  |d 342174 
952 |0 0  |1 0  |4 0  |6 340_100000000000000_RAW_1999  |7 0  |8 DER_TF  |9 438207  |a BIBDER  |b BIBDER  |d 2019-11-22  |i 4707737  |o 340.1 RAW 1999  |p 4707737  |r 2023-01-25  |w 2019-11-22  |x Ubicación 4to Piso  |y BK  |z Estos recursos deben solicitarse con anticipación  |k DER